• 首页
  • 本馆介绍
  • 公告通知
  • 最新文献
  • 馆藏检索
  • 电子资源
  • 读者导购
  • 参考咨询
  • 我的图书馆
  • 登录
  • 详细信息显示
  • 放入我的书架
  • 预约/预借图书
  • 作者相关作品
  • 分类相关作品
  • 丛书相关作品
  • 出版社相关作品

书目信息

  • 表格格式
  • 工作单格式
  • 卡片格式
题名:
铜冶炼行业水污染源解析及控制技术
    
 
作者: 邵立南 , 杨晓松 著
分册:  
出版信息: 北京   化学工业出版社  2020.11
页数: 271页
开本: 26cm
丛书名: 水体污染控制与治理科技重大专项“十三五”成果系列丛书
单 册:
中图分类: X758.03
科图分类:
主题词: 炼铜--水污染源--污染源治理
电子资源:
ISBN: 978-7-122-37320-5
000 01292nam2 2200289 45
001 012001001917
005 20140912161608.0
010    @a978-7-122-37320-5@dCNY98.00
100    @a20201224d2020 em y0chiy50 ea
101 0  @achi
102    @aCN@b110000
105    @ay z 000yy
106    @ar
200 1  @a铜冶炼行业水污染源解析及控制技术@Atong ye lian hang ye shui wu ran yuan jie xi ji kong zhi ji shu@f邵立南,杨晓松等著
210    @a北京@c化学工业出版社@d2020.11
215    @a271页@d26cm
225 1  @a水体污染控制与治理科技重大专项“十三五”成果系列丛书
300    @a重点行业水污染全过程控制技术系统与应用标志性成果
330    @a本书在系统地梳理铜冶炼行业水污染特征的基础上,开展了水污染源的解析,阐明了铜冶炼行业的重点污染源和重点污染物,主要介绍了铜冶炼行业水污染概论、铜冶炼行业水污染源解析、铜冶炼行业水污染控制技术评估、铜冶炼行业水污染控制技术、铜冶炼行业水污染全过程控制技术展望等内容。
410  0 @12001 @a水体污染控制与治理科技重大专项“十三五”成果系列丛书
461  0 @12001 @a水体污染控制与治理科技重大专项“十三五”成果系列丛书
606 0  @a炼铜@x水污染源@x污染源治理
690    @aX758.03@v5
701  0 @a邵立南@Ashao li nan@4著
701  0 @a杨晓松@Ayang xiao song@c(环境工程)@4著
801  0 @aCN@bBJSDL@c20211011
905    @b1337719-22@dX758.03@e351@f4
    
    铜冶炼行业水污染源解析及控制技术/邵立南,杨晓松等著.-北京:化学工业出版社,2020.11
    271页;26cm.-(水体污染控制与治理科技重大专项“十三五”成果系列丛书)
    重点行业水污染全过程控制技术系统与应用标志性成果
    
    ISBN 978-7-122-37320-5:CNY98.00
    本书在系统地梳理铜冶炼行业水污染特征的基础上,开展了水污染源的解析,阐明了铜冶炼行业的重点污染源和重点污染物,主要介绍了铜冶炼行业水污染概论、铜冶炼行业水污染源解析、铜冶炼行业水污染控制技术评估、铜冶炼行业水污染控制技术、铜冶炼行业水污染全过程控制技术展望等内容。
●
相关链接 在E读中查询图书 在五车中查询图书 在当当中查询图书 在豆瓣中查询图书


正题名:铜冶炼行业水污染源解析及控制技术     索取号:X758.03/351         预约/预借

序号 登录号 条形码 馆藏地/架位号 状态 备注
1 1337719   213377193   第二样本阅览室/ [索取号:X758.03/351] 在馆    
2 1337720   213377200   第三借阅区/ [索取号:X758.03/351] 在馆    
3 1337721   213377219   第三借阅区/ [索取号:X758.03/351] 在馆    
4 1337722   213377228   第三借阅区/ [索取号:X758.03/351] 在馆    
唐山师范学院图书馆 欢迎您!
大连网信软件有限公司© 版权所有